Applied petroleum reservoir engineering / (Record no. 19667)
[ view plain ]
| 000 -LEADER | |
|---|---|
| fixed length control field | 01229cam a22003375a 4500 |
| 001 - CONTROL NUMBER | |
| control field | 18142647 |
| 005 - DATE AND TIME OF LATEST TRANSACTION | |
| control field | 20150615141423.0 |
| 008 - FIXED-LENGTH DATA ELEMENTS--GENERAL INFORMATION | |
| fixed length control field | 140507t2015 njua frbd 001 0 eng d |
| 020 ## - INTERNATIONAL STANDARD BOOK NUMBER | |
| International Standard Book Number | 9780133155587 (hardcover : alk. paper) |
| 020 ## - INTERNATIONAL STANDARD BOOK NUMBER | |
| International Standard Book Number | 0133155587 (hardcover : alk. paper) |
| 040 ## - CATALOGING SOURCE | |
| Original cataloging agency | DLC |
| Language of cataloging | eng |
| Transcribing agency | DLC |
| Modifying agency | DLC |
| -- | EG-ScBUE |
| 082 00 - DEWEY DECIMAL CLASSIFICATION NUMBER | |
| Classification number | 622.338 |
| Edition number | 22 |
| Item number | TER |
| 100 1# - MAIN ENTRY--PERSONAL NAME | |
| Personal name | Terry, Ronald E. |
| 9 (RLIN) | 38170 |
| 245 10 - TITLE STATEMENT | |
| Title | Applied petroleum reservoir engineering / |
| Statement of responsibility, etc | Ronald E. Terry, J. Brandon Rogers. |
| 250 ## - EDITION STATEMENT | |
| Edition statement | 3rd ed. |
| 260 ## - PUBLICATION, DISTRIBUTION, ETC. (IMPRINT) | |
| Place of publication, distribution, etc | Upper Saddle River : |
| Name of publisher, distributor, etc | Prentic Hall / Pearson Education, |
| Date of publication, distribution, etc | c.2015. |
| 300 ## - PHYSICAL DESCRIPTION | |
| Extent | xxv, 493 p. : |
| Other physical details | ill. ; |
| Dimensions | 24 cm. |
| 500 ## - GENERAL NOTE | |
| General note | Original edition published: Applied petroleum reservoir engineering / by B.C. Craft and M. F. Hawkins. 1959. |
| 500 ## - GENERAL NOTE | |
| General note | Glossary : p. 473-479. |
| 500 ## - GENERAL NOTE | |
| General note | Index : p. 481-493. |
| 504 ## - BIBLIOGRAPHY, ETC. NOTE | |
| Bibliography, etc | Includes bibliographical references. |
| 650 #0 - SUBJECT ADDED ENTRY--TOPICAL TERM | |
| Topical term or geographic name as entry element | Petroleum engineering. |
| Source of heading or term | BUEsh |
| 650 #0 - SUBJECT ADDED ENTRY--TOPICAL TERM | |
| Topical term or geographic name as entry element | Oil reservoir engineering. |
| Source of heading or term | BUEsh |
| 651 ## - SUBJECT ADDED ENTRY--GEOGRAPHIC NAME | |
| Source of heading or term | BUEsh |
| 653 ## - INDEX TERM--UNCONTROLLED | |
| Resource For college | Engineering, General |
| -- | Engineering, Petroleum |
| Arrived date list | June2015 |
| 655 ## - INDEX TERM--GENRE/FORM | |
| Form subdivision | |
| -- | 34232 |
| 700 1# - ADDED ENTRY--PERSONAL NAME | |
| Personal name | Rogers, J. Brandon. |
| 700 1# - ADDED ENTRY--PERSONAL NAME | |
| Personal name | Craft, B. C. |
| Fuller form of name | (Benjamin Cole) |
| 9 (RLIN) | 32997 |
| 700 1# - ADDED ENTRY--PERSONAL NAME | |
| Personal name | Hawkins, Murray F., |
| Dates associated with a name | 1917- |
| 942 ## - ADDED ENTRY ELEMENTS (KOHA) | |
| Source of classification or shelving scheme | Dewey Decimal Classification |
| Withdrawn status | Item status | Source of classification or shelving scheme | Damaged status | Not for loan | Vendor | Home library | Current library | Shelving location | Date acquired | Source of acquisition | Cost, normal purchase price | Serial Enumeration / chronology | Total Checkouts | Total Renewals | Full call number | Barcode | Date last seen | Date last borrowed | Cost, replacement price | Koha item type |
|---|---|---|---|---|---|---|---|---|---|---|---|---|---|---|---|---|---|---|---|---|
| Dewey Decimal Classification | Alahram | Central Library | Central Library | First floor | 15/06/2015 | 1151.00 | 323 | 6 | 71 | 622.338 TER | 000038639 | 15/07/2025 | 08/10/2024 | 1438.75 | Book - Borrowing |